La realidad nacional 1986

保存先:
書誌詳細
第一著者: Balcárcel, Miguel Angel
フォーマット: テキスト
出版事項: Guatemala: Asociación de Investigación y estudios sociales
タグ: タグ追加
タグなし, このレコードへの初めてのタグを付けませんか!

MARC

LEADER 00000 a a2200000 04500
001 24706
003
040
090 |a 173200  
100 |a Balcárcel, Miguel Angel  
245 |a La realidad nacional 1986  
260 |a Guatemala:   |b Asociación de Investigación y estudios sociales  
300 |a 151 p.  
999 |c 15410  |d 15410